=LDR 00000nam 2200000 4500 =001 000162 =020 $9786021624470 =082 $634.000 =100 $$a Eista Swaesti =245 $$a Panen laba dari ladang pepaya /$c Eista Swaesti =250 $Cetakan I =264 $Yogyakarta: Zahara Pustaka 2020 =300 $124 halaman; 21 cm. =650 $Kebun Buah =905 $634 EIS p =336 $$a =337 $$a =338 $$a =005 20260702151432.0 =008 260702s2026\\\\\\\\\\\\\\\\\\\\\\\\\\\\\\\\\\\\\\\\\